03050nam a22002297a 4500003000400000005001700004008004100021020001800062040000700080050002000087100002600107245011500133250001300248260004600261300002600307500005900333505228900392600007202681700002402753700002202777700002102799OSt20240827135216.0240826b ||||| |||| 00| 0 eng d a9780323341363 cLC aRM161.Eg1 (11e) aKacmarek, Robert M. , aEgan's fundamentals of respiratory care. /c[edited by] Robert M. Kacmarek, James K. Stoller, Albert J. Heuer. a11th ed. aSt. Louis, Missouri :bElsevier,c[2017]. axiv, 1372 p. ;bill,  aContents : includes bibliograhical refernces and index aContents : Foundations of respiratory care -- History of respiratory care -- Delivering evidence - based respiratory care -- Quality, patient safety, communication, and recordkeeping -- Principles of infection prevention and control -- Ethical and legal implications of Practice -- E-medicine in respiratory care -- fundamentals of respiratory care research -- Applied anatomy and physiology -- The respiratory system -- The cardiovascular system -- Ventilation -- Gas exchange and transport -- Solutions, body fluids, and electrolytes -- Acid-base balance -- Regulation of breathing -- Assessment of respiratory disorders -- Bedside assessment of the patient -- Interpreting clinical and laboratory data -- Interpreting the electrocardiogram -- Analysis and monitoring of gas exchange -- Pulmonary function testing -- Review of thoracic imaging -- Flexible bronchoscopy and the respiratory therapist -- Nutrition assessment -- Review of cardiopulmonary disease -- Pulmonary infections -- Obstructive lung disease:chronic obstructive pulmonary disease, asthma, and related disease -- Interstitial lung disease -- Pleural disease -- Pulmonary vascular disease -- Acute respiratory distress syndrome -- Respiratory management of trauma, obesity, near drowning, and burns -- Lung cancer -- Neuromuscular and other disease of the chest wall -- Disorders of sleep -- Neonatal and pediatric respiratory disorders -- Basic therapeutics -- Airway pharmacology -- Airway management -- Emergency cardiovascular life support -- Humidity and bland aerosol therapy -- Aerosol drug therapy -- Storage and delivery of medical gases -- Medical gases -- Lung expansion therapy -- Airway clearance therapy -- Acute and critical care -- Respiratory failure and the need for ventilatory support -- Mechanical ventilators -- Physiology of ventilatory support -- Patient-ventilator interactions -- Initiating and adjusting invasive ventilatory support -- Noninvasive ventilation -- Extracorporeal life support -- Monitoring the patient in the intensive care unit -- Discontinuing ventilatory support -- Neonatal and pediatric respiratory care -- Patient education and long-term care -- Patient education and health promotion -- Cardiopulmonary rehabilitation -- Respiratory care in alternative settings --  vRespiratory therapy-methods v Respiratort tract diseases-therapy  aKacmarek, Robert M. aStoller, James K. aHeuer, Albert J.